Wikimedia Projects - Sudden Death - Statistics

General Stats
  • This quiz has been taken 10 times
  • The average score is 6 of 18
Answers on the Grid
Answers color-coded by a green-red scale on the quiz's grid according to % correct below.
Wikimanual
Wikisearch
Wikinew
WIkilogo
Wikidiscover
Wikiquote
Wikibooks
Wikiweather
Wikipedia
Wikiculture
Wikihistory
Wikimedia Commons
Wikimedia Guides
Wikisource
Wikiversity
Wiktionary
Wikihow
Wikispecies
Wikidata
Wikifunctions
Meta-Wiki
Wikileaks
Wikivoyage
Wikirecipes
Wikitools
MediaWiki
Wikinews
AI-Wiki
WIkidecision
Wikitech
Wikimedia Incubator
Wikimedia Cloud Services
Wikimedia Phabricator
Wikimedia Coordinator
Wikimedia Regulations
 
Answer Stats
Answer % Correct
Wikipedia
70%
Wiktionary
50%
Wikibooks
40%
Wikidata
40%
Wikimedia Commons
40%
Wikinews
40%
MediaWiki
30%
Meta-Wiki
30%
Wikifunctions
30%
Wikiquote
30%
Wikivoyage
30%
Wikimedia Cloud Services
20%
Wikimedia Incubator
20%
Wikimedia Phabricator
20%
Wikisource
20%
Wikispecies
20%
Wikitech
20%
Wikiversity
20%
No matching quizzes found
Score Distribution
Percent of People with Each Score
Percentile by Number Answered
Your Score History
You have not taken this quiz